Vista normal Vista MARC

Entrada Materia (personas)

Número de registros utilizados en: 1

001 - CONTROL NUMBER

  • control field: 77626

003 - CONTROL NUMBER IDENTIFIER

  • control field: Co-BoUCM

005 - DATE AND TIME OF LATEST TRANSACTION

  • control field: 20160609111048.0

008 - FIXED-LENGTH DATA ELEMENTS

  • fixed length control field: 160609|| aca||aabn | a|a d

040 ## - CATALOGING SOURCE

  • Original cataloging agency: Co-BoUCM
  • Transcribing agency: Co-BoUCM

100 ## - HEADING--PERSONAL NAME

  • Personal name: Cruz Ortiz, Neftalí
  • Dates associated with a name: 1916-

670 ## - SOURCE DATA FOUND

  • Source citation: Work cat.: (Co-BoUCM)303504: Cruz Ortiz, Neftalí 1916-, Prontuario jurídico bancario , 1985